| 000 | 00559nam a22002057a 4500 | ||
|---|---|---|---|
| 003 | OSt | ||
| 005 | 20240423170752.0 | ||
| 008 | 150615b xxu||||| |||| 00| 0 eng d | ||
| 020 | _a9780132119375 | ||
| 040 | _cDDC | ||
| 082 | _a621.38 LYO 2011 | ||
| 100 |
_aLyons, Richard G. _95326 |
||
| 245 | _aUnderstading Digital Signal Processing | ||
| 250 | _a3rd ed. | ||
| 260 |
_aNew Jersay; _bPearson, _c2011 |
||
| 300 |
_axxiii,925p; _bill: _c23cm |
||
| 504 | _aReferences, appendices & index included | ||
| 650 |
_aSignal processing _95327 |
||
| 942 |
_2z _cO_SHELF |
||
| 999 |
_c2055 _d2055 |
||